<?xml version="1.0" encoding="UTF-8"?>
<collection xmlns="http://www.loc.gov/MARC21/slim">
 <record>
  <leader>     na                 </leader>
  <controlfield tag="001">INLIS000000000008003</controlfield>
  <controlfield tag="005">20221108085814</controlfield>
  <datafield tag="035" ind1=" " ind2=" ">
   <subfield code="a">0010-0520008003</subfield>
  </datafield>
  <controlfield tag="008">221108                |          | ind  </controlfield>
  <datafield tag="020" ind1=" " ind2=" ">
   <subfield code="a">9794140341x</subfield>
  </datafield>
  <datafield tag="041" ind1=" " ind2=" ">
   <subfield code="a">ind</subfield>
  </datafield>
  <datafield tag="082" ind1=" " ind2=" ">
   <subfield code="a">347.06</subfield>
  </datafield>
  <datafield tag="084" ind1=" " ind2=" ">
   <subfield code="a">347.06 LIL a</subfield>
  </datafield>
  <datafield tag="100" ind1="0" ind2=" ">
   <subfield code="a">Lilik Mulyadi</subfield>
  </datafield>
  <datafield tag="245" ind1="1" ind2=" ">
   <subfield code="a">Asas Pembalikan Beban Pembuktian Tindak Pidana Korupsi Dalam Sistem Hukum Pidana Indonesia Pasca Konvensi Perserikatan Bangsa-bangsa Anti Korupsi 2003 /</subfield>
   <subfield code="c">Lilik Mulyadi</subfield>
  </datafield>
  <datafield tag="260" ind1=" " ind2=" ">
   <subfield code="a">Bandung :</subfield>
   <subfield code="b">Alumni,</subfield>
   <subfield code="c">2007</subfield>
  </datafield>
  <datafield tag="300" ind1=" " ind2=" ">
   <subfield code="a">xiii, 311p. :</subfield>
   <subfield code="b">: ilus. ;</subfield>
   <subfield code="c">20,3 cm</subfield>
  </datafield>
  <datafield tag="500" ind1=" " ind2=" ">
   <subfield code="a">C3 - C6</subfield>
  </datafield>
  <datafield tag="500" ind1=" " ind2=" ">
   <subfield code="a">Indeks : p. 307-311</subfield>
  </datafield>
  <datafield tag="504" ind1=" " ind2=" ">
   <subfield code="a">p. 289-306</subfield>
  </datafield>
  <datafield tag="520" ind1=" " ind2=" ">
   <subfield code="a">Substansi yang di bahas adalah tentang asas pembalikan beban pembuktian dalam tindak pidana korupsi yang memang menjadi bahan perdebatan panjang baik dikalangan teoretis, praktisi, masyarakat dan akademisi hukum pada khususnya. Disadari bahwa hukum pidana khusus berupa pembuktian dalam tindak pidana korupsi merupakan dimensi yang bersifat kompleksitas. Pembahasanya mencakup hal-hal sebagai berikut: * Kajian Teoretis Asas Pembalikan Beban pembuktian Terhadap Tindak Pidana Korupsi dalam konteks Negara Hukum; * Tinjauan Umum atas konvensi Perserikatan Bangsa-Bangsa Anti Korupsi 2003; * Implementasi Asas Pembalikan beban Pembuktian dalam Praktik Peradilan perkara tindak Pidana Korupsi di indonesia dihubungkan Konvensi perserikatan Bangsa-Bangsa anti Korupsi 2003; * Kebijakan Legislasi dalam peraturan Tindak Pidana Korupsi Indonesia Terhadap Pembalikan Beban Pembuktian Pasca konvensi Perserikatan Bangsa-Bangsa Anti Korupsi 2003.</subfield>
  </datafield>
  <datafield tag="650" ind1=" " ind2="4">
   <subfield code="a">Political corruption - Indonesia</subfield>
  </datafield>
  <datafield tag="650" ind1=" " ind2="4">
   <subfield code="a">Corruption Investigation - Indonesia</subfield>
  </datafield>
  <datafield tag="990" ind1=" " ind2=" ">
   <subfield code="a">16916/MKRI-P/X-2010</subfield>
  </datafield>
  <datafield tag="990" ind1=" " ind2=" ">
   <subfield code="a">16917/MKRI-P/X-2010</subfield>
  </datafield>
  <datafield tag="990" ind1=" " ind2=" ">
   <subfield code="a">16918/MKRI-P/X-2010</subfield>
  </datafield>
  <datafield tag="990" ind1=" " ind2=" ">
   <subfield code="a">16915/MKRI-P/X-2010</subfield>
  </datafield>
  <datafield tag="990" ind1=" " ind2=" ">
   <subfield code="a">16917/MKRI-P/X-2010</subfield>
  </datafield>
  <datafield tag="990" ind1=" " ind2=" ">
   <subfield code="a">16916/MKRI-P/X-2010</subfield>
  </datafield>
  <datafield tag="990" ind1=" " ind2=" ">
   <subfield code="a">16918/MKRI-P/X-2010</subfield>
  </datafield>
  <datafield tag="990" ind1=" " ind2=" ">
   <subfield code="a">16915/MKRI-P/X-2010</subfield>
  </datafield>
  <datafield tag="990" ind1=" " ind2=" ">
   <subfield code="a">16916/MKRI-P/X-2010</subfield>
  </datafield>
  <datafield tag="990" ind1=" " ind2=" ">
   <subfield code="a">16917/MKRI-P/X-2010</subfield>
  </datafield>
  <datafield tag="990" ind1=" " ind2=" ">
   <subfield code="a">16918/MKRI-P/X-2010</subfield>
  </datafield>
  <datafield tag="990" ind1=" " ind2=" ">
   <subfield code="a">16915/MKRI-P/X-2010</subfield>
  </datafield>
  <datafield tag="990" ind1=" " ind2=" ">
   <subfield code="a">16915/MKRI-P/X-2010</subfield>
  </datafield>
  <datafield tag="990" ind1=" " ind2=" ">
   <subfield code="a">16916/MKRI-P/X-2010</subfield>
  </datafield>
  <datafield tag="990" ind1=" " ind2=" ">
   <subfield code="a">16917/MKRI-P/X-2010</subfield>
  </datafield>
  <datafield tag="990" ind1=" " ind2=" ">
   <subfield code="a">16918/MKRI-P/X-2010</subfield>
  </datafield>
 </record>
</collection>
